| 000 | 005730000a22001090004500 | ||
|---|---|---|---|
| 100 | 1 | _aGaray, Juan Carlos | |
| 245 | 1 | 0 | _aUna heredera inesperada : Una cantaora de otra parte |
| 300 | _aVol.0, núm.19 (Abril, 2007), Página 38 | ||
| 520 | _aAunque nació en Santander y primero cantó bambucos, Diana Hernández parece ser la sucesora de cantaoras como Etelvina Maldonado o Petrona Martínez. Y lo demostró, con creces, en el pasado Festival de Viña del Mar. ¿Quién es esta joven música colombiana? | ||
| 773 | 0 | _tArcadia / Andrés Felipe Solano, Editor | |
| 942 | _cANA | ||
| 999 |
_c62101 _d62101 |
||